LEADER 01087nas a2200253 i 4500 001 000000214868 003 CaOOAMICUS 005 20130319000000.0 008 120801b2012 it uu u0 0ita r 013 $a193740 020 $a978-88-307-2082-4 040 $aSeMil$bita 245 13$aIl Vaticano 2. e la missione :$bcon "Ad gentes", oltre "Ad gentes" ; Evangelizzare. 260 $aBologna :$bEMI-SERMIS,$c2012. 300 $a128 p. ;$c24 cm. 500 $aTitoli dalla copertina. - Articoli con sintesi in italiano [Sommario] e in inglese [Summary] in coda. 773 0 $tAd Gentes.$dBologna : EMI, 1997.$w()3218 774 0 $t[vedi periodico].$w()277636 850 $aSeMil 852 $aSeMil$W1$xVenegono$y1$m200 2 41$j165289$B165289$CSeMilBibl$Z2$F180486 $85 961 $aCambio: Scuola Cattolica 996 $6020$a978-88-307-2082-4$9(OLS)http://semarc/number/211241 996 $6245$aIl Vaticano 2. e la missione :$bcon "Ad gentes", oltre "Ad gentes" ; Evangelizzare$9(OLS)http://semarc/title/309553 996 $6260$aBologna :$bEMI-SERMIS$9(OLS)http://semarc/publisher/44411 LEADER 01408nam a2200265 4500 001 000000338457 003 CaOOAMICUS 005 20210331093727.0 008 191210s2020 it a 000 u ita r 040 $aSeMil$bita 245 10$aLagrime e Parole :$bcinquantasei omelie per la Madonna delle Lacrime : dal profilo dei destinatari e dai loro assetti ai testimoni in un cammino fraterno /$ca cura di don Giuseppe Villa. 264 1$aTreviglio (BG) :$bIl popolo cattolico,$cstampa 2020. 300 $a228 p. :$bill. ;$c24 cm 541 1 $aOmaggio mons. Mario Delpini (2L IV 200) 650 4$aTreviglio - Santuario della Madonna delle Lacrime.$0(OLS)http://semarc/subject/45103 650 4$aMadonna - Predicazione.$0(OLS)http://semarc/subject/4832 650 4$aMadonna - Pastorale.$0(OLS)http://semarc/subject/16664 700 1 $aVilla, Giuseppe,$c,$ecuratore.$0(OLS)http://semarc/name/43691 850 $aSeMil 852 $aSeMil$W1$xVenegono$y1$m2L IV 200$j217690$B229861$CSeMilBibl$Z2$F229861 $81 941 1 $a7 961 $aOmaggio mons. Mario Delpini 996 $6245$aLagrime e Parole :$bcinquantasei omelie per la Madonna delle Lacrime : dal profilo dei destinatari e dai loro assetti ai testimoni in un cammino fraterno$9(OLS)http://semarc/title/427312 996 $6264$aTreviglio (BG) :$bIl popolo cattolico$9(OLS)http://semarc/publisher/57051